La Reducción de la oferta de drogas: introducción a algunos instrumentos internacionales /

Guardat en:
Dades bibliogràfiques
Autor principal: Artigas, Carmen
Autor corporatiu: NACIONES UNIDAS CEPAL
Format: Text
Col·lecció:SERIE POLITICAS SOCIALES/CEPAL
Matèries:
Etiquetes: Afegir etiqueta
Sense etiquetes, Sigues el primer a etiquetar aquest registre!

MARC

LEADER 00000 a a2200000 04500
001 48486
003
040
090 |a REV1291 (81) 2003  
100 |a Artigas, Carmen  
110 |a NACIONES UNIDAS CEPAL  
245 |a La Reducción de la oferta de drogas: introducción a algunos instrumentos internacionales /  |c Carmen Artigas  
440 |a SERIE POLITICAS SOCIALES/CEPAL  
650 |a DROGAS DE USO INDEBIDO  
650 |a OFERTA  
650 |a POLITICA GUBERNAMENTAL  
650 |a CONVENIOS  
650 |a ONU  
773 |a número81, (2003)  
999 |c 20665  |d 20665